| 000 | 00334nam a22001217a 4500 | ||
|---|---|---|---|
| 020 | _a8121906288 | ||
| 082 |
_a621.01 _bKHU/ME |
||
| 100 |
_aKhurmi,R.S _aGupta,J.K _9750 |
||
| 245 | _aMechanical Engineering (Conventional and Objective Type) | ||
| 260 |
_aNew Delhi _bEurasia Publishing house Pvt.Ltd _c2014 |
||
| 300 | _a838 | ||
| 942 | _cBK | ||
| 999 |
_c14293 _d14293 |
||